000 00444nam a22001697a 4500
999 _c7923
_d7921
005 20220214160751.0
008 220214b ||||| |||| 00| 0 eng d
020 _a978819101920
041 _aeng
082 _a615.9
100 _aGUPTA , P. K
_97082
245 _aMODERN TOXICOLOGY : THE ADVERS EFFECTS OF XENOBIOTICS [VOL-2]
260 _aHYDERABAD
_bPHARMA PRESS
300 _a460 P.
650 _aPHARMACY
_xB PHARMA
_97083
942 _cBK